LEADER 00912nam0-2200325---450 001 990009599340403321 005 20200716115111.0 010 $a978-1-4443-3003-8 035 $a000959934 035 $aFED01000959934 035 $a(Aleph)000959934FED01 035 $a000959934 100 $a20120629d2012----km-y0itay50------ba 101 0 $aeng 102 $aGB 105 $a--------001yy 200 1 $a<>plant hormone ethylene$fedited by Michael T. McManus 210 $aOxford$cWiley-Blackwell$d2012 215 $aXXIII, 397 p.$d24 cm 225 1 $aAnnual plant rewiews$v44 610 0 $aEtilene$aOrmoni vegetali 676 $a571.742$v21$zita 702 1$aMcManus,$bMichael T. 801 0$aIT$bUNINA$gRICA$2UNIMARC 901 $aBK 912 $a990009599340403321 952 $a60 571.742 MCMM 2012$b13843$fFAGBC 959 $aFAGBC 996 $aPlant hormone ethylene$9845319 997 $aUNINA LEADER 03742nam 22007092 450 001 9910449768803321 005 20151005020621.0 010 $a1-107-11664-3 010 $a1-280-42045-6 010 $a9786610420452 010 $a0-511-17505-1 010 $a0-511-05194-8 010 $a0-511-15514-X 010 $a0-511-32864-8 010 $a0-511-61303-2 010 $a0-511-04040-7 035 $a(CKB)1000000000004002 035 $a(EBL)803007 035 $a(OCoLC)52965530 035 $a(SSID)ssj0000178837 035 $a(PQKBManifestationID)11177389 035 $a(PQKBTitleCode)TC0000178837 035 $a(PQKBWorkID)10230276 035 $a(PQKB)10602741 035 $a(UkCbUP)CR9780511613036 035 $a(MiAaPQ)EBC803007 035 $a(Au-PeEL)EBL803007 035 $a(CaPaEBR)ebr10023380 035 $a(CaONFJC)MIL42045 035 $a(EXLCZ)991000000000004002 100 $a20090914d2000|||| uy| 0 101 0 $aeng 135 $aur||||||||||| 181 $ctxt$2rdacontent 182 $cc$2rdamedia 183 $acr$2rdacarrier 200 00$aInfertility in the modern world $epresent and future prospects /$fedited by Gillian R. Bentley, C.G. Nicholas Mascie-Taylor$b[electronic resource] 210 1$aCambridge :$cCambridge University Press,$d2000. 215 $a1 online resource (xii, 264 pages) $cdigital, PDF file(s) 225 1 $aBiosocial Society symposium series ;$v12 300 $aTitle from publisher's bibliographic system (viewed on 05 Oct 2015). 311 $a0-521-64387-2 311 $a0-521-64364-3 320 $aIncludes bibliographical references and index. 327 $aBiomedical perspectives on fertility. Reproductive possibilities for infertile couples: present and future -- Genetic influences on human infertility. Environmental influences on fertility. Environmental pollutants and fertility -- From STD epidemics to AIDS: a socio-demographic and epidemiological perspective on sub-Saharan Africa. Social perspectives on infertility. Voluntary childlessness: trends and implications -- Sexual orientation and feritlity. 330 $aAs we enter the twenty-first century, a number of medical, environmental and social changes have profoundly affected human reproduction. This book discusses some of the more dramatic changes in an accessible manner, illustrating the ways in which human biology and culture can affect fertility and providing a unique interdisciplinary perspective on the subject. Topics include medical technologies that equip us with potential cures for many causes of infertility; diseases such as AIDS that have a devastating impact on the reproductive and social lives of humans, particularly in areas with limited access to medical care; increasing industrialisation and the development of fabricated materials that pollute our environment in unforeseen ways with possibly devastating effects on human health and fertility; and, finally, social revolutions that profoundly alter human relationships, such as non-marital unions between heterosexual couples, same-sex relationships, adoption and surrogacy which are becoming increasingly common. 410 0$aBiosocial Society symposium series ;$v12. 606 $aInfertility 606 $aInfertility$xSocial aspects 606 $aFertility, Human$xSocial aspects 615 0$aInfertility. 615 0$aInfertility$xSocial aspects. 615 0$aFertility, Human$xSocial aspects. 676 $a616.6/92 702 $aBentley$b Gillian R.$f1957- 702 $aMascie-Taylor$b C. G. N. 801 0$bUkCbUP 801 1$bUkCbUP 906 $aBOOK 912 $a9910449768803321 996 $aInfertility in the modern world$91903314 997 $aUNINA LEADER 03853nam 2200853 450 001 9910460947603321 005 20200520144314.0 010 $a1-60650-734-6 024 7 $z10.5643/9781606507346 035 $a(CKB)3710000000552088 035 $a(OCoLC)936210020 035 $a(CaBNvSL)swl00406132 035 $a(MiAaPQ)EBC4307185 035 $a(Au-PeEL)EBL4307185 035 $a(CaPaEBR)ebr11147008 035 $a(CaONFJC)MIL884198 035 $a(OCoLC)934047615 035 $a(EXLCZ)993710000000552088 100 $a20160127d2016 fy 0 101 0 $aeng 135 $aurcnu|||||||| 181 $2rdacontent 182 $2rdamedia 183 $2rdacarrier 200 10$aDiet and disease $enutrition for heart disease, diabetes, and metabolic stress /$fKatie Ferraro 205 $aFirst edition. 210 1$aNew York, [New York] (222 East 46th Street, New York, NY 10017) :$cMomentum Press,$d2016. 215 $a1 online resource (x, 85 pages) $cillustrations 225 1 $aNutrition and dietetics practice collection 311 $a1-60650-733-8 320 $aIncludes bibliographical references and index. 327 $a1. Nutrition and heart disease -- 2. Nutrition and diabetes -- 3. Metabolic stress and critical illness, cancer, and HIV/AIDS -- Index. 330 3 $aCan food really take the place of medicine? While modern medicine certainly has its place and does more than its fair share of good, there is no denying that many of society's most perilous chronic diseases are exacerbated by poor diets. Whereas infectious diseases used to cause the most number of deaths, the impact of chronic diseases now far overshadows that of infectious diseases. Diet plays a significant role in the development of a number of types of chronic disease, such as heart disease, diabetes, and certain types of cancer. This title explores the impact of dietary choices on the prevention, management, and treatment of a number of medical conditions and disease states including cardiovascular disease, diabetes and metabolic stress, critical illness, cancer, and HIV/AIDS. Conditions of the gastrointestinal tract, musculoskeletal disorders, rheumatic disease, anemias, hepatobiliary, gallbladder, pancreatic and kidney diseases are covered in the subsequent title Diet and Disease II. 410 0$aNutrition and dietetics practice collection. 606 $aDiet therapy 606 $aHeart$xDiseases$xDiet therapy 606 $aDiabetes$xDiet therapy 606 $aCancer$xDiet therapy 606 $aAIDS (Disease)$xDiet therapy 606 $aNutritional Support 606 $aDiet Therapy 606 $aHeart Diseases$xdiet therapy 606 $aDiabetes Mellitus$xdiet therapy 606 $aNeoplasms$xdiet therapy 606 $aAcquired Immunodeficiency Syndrome$xdiet therapy 608 $aLibros electronicos. 610 $aMedical nutrition therapy 610 $adiet and disease 610 $anutrition care process 610 $adiet therapy 610 $adiabetes 610 $adiabetic diet 610 $ametabolic stress 610 $aheart disease 610 $aheart healthy diet 615 0$aDiet therapy. 615 0$aHeart$xDiseases$xDiet therapy. 615 0$aDiabetes$xDiet therapy. 615 0$aCancer$xDiet therapy. 615 0$aAIDS (Disease)$xDiet therapy. 615 2$aNutritional Support. 615 2$aDiet Therapy. 615 2$aHeart Diseases$xdiet therapy. 615 2$aDiabetes Mellitus$xdiet therapy. 615 2$aNeoplasms$xdiet therapy. 615 2$aAcquired Immunodeficiency Syndrome$xdiet therapy. 676 $a615.854 700 $aFerraro$b Katie.$0958793 801 0$bFINmELB 801 1$bFINmELB 906 $aBOOK 912 $a9910460947603321 996 $aDiet and disease$92213302 997 $aUNINA